Od americké ke globální finanční a ekonomické krizi: příčiny, důsledky a východiská

Vonkajšie a vnútorné príčiny vzniku finančnej krízy. Bushov spotrebný "balíček". Kríza antireforiem. Trh a sociálny štát.

Saved in:
Bibliographic Details
Main Author: Pick, Miloš
Format: Book Chapter
Language:Czech
Subjects:
Tags: Add Tag
No Tags, Be the first to tag this record!

MARC

LEADER 00000naa$a2200000$$$4500
001 0093821
005 20220405113936.8
041 0 |a cze 
044 |a CZ 
245 1 0 |a Od americké ke globální finanční a ekonomické krizi: příčiny, důsledky a východiská  |c Miloš Pick 
520 |a Vonkajšie a vnútorné príčiny vzniku finančnej krízy. Bushov spotrebný "balíček". Kríza antireforiem. Trh a sociálny štát. 
610 2 0 |a kríza finančná 
610 2 0 |a kríza hospodárska 
610 2 0 |a USA 
610 2 0 |a bilancia platobná 
610 2 0 |a financie verejné 
610 2 0 |a politika hospodárska 
610 2 0 |a spotreba 
610 2 0 |a úspory 
100 1 |a Pick, Miloš